[Event "BCF-chT2d 1213 (4NCL) Demotion pool"]
[Site "England"]
[Date "2013.05.05"]
[Round "10.64"]
[White "Brown, Thomas"]
[Black "Anderton, David William"]
[Result "1-0"]
[WhiteElo "2083"]
[BlackElo "2217"]
[PlyCount "83"]
[EventDate "2012.11.03"]
[EventType "team-tourn"]
[EventRounds "4"]
[EventCountry "ENG"]
[SourceTitle "EXT 2014"]
[Source "ChessBase"]
[SourceDate "2013.11.20"]
[SourceVersion "1"]
[SourceVersionDate "2013.11.20"]
[SourceQuality "1"]
[WhiteTeam "Rhyfelwyr Essyllwg"]
[BlackTeam "The ADS"]
[WhiteTeamCountry "ENG"]
[BlackTeamCountry "ENG"]

1. d4 f5 2. g3 Nf6 3. Bg2 g6 4. Nf3 Bg7 5. 0-0 0-0 6. b3 d6 7. Bb2 Na6 8. Nbd2 Qe8 9. c4 c6 10. Qc2 h6 11. e4 fxe4 12. Nxe4 Bf5 13. Nh4 Bxe4 14. Bxe4 Nxe4 15. Qxe4 Kh7 16. Rae1 Bf6 17. Re2 Qf7 18. Ng2 Rae8 19. Rfe1 Nc7 20. h4 Kg7 21. Qg4 e5 22. h5 exd4 23. Rxe8 Rxe8 24. Rxe8 Nxe8 25. Bxd4 c5 26. hxg6 Qxg6 27. Qd7+ Qf7 28. Bxf6+ Kxf6 29. Qg4 Qg6 30. Qf3+ Qf5 31. Nf4 Ng7 32. Qxb7 Qb1+ 33. Kg2 Qxa2 34. Qd7 Qxb3 35. Nd5+ Kg6 36. Qxd6+ Kh7 37. Nf6+ Kg6 38. Ng4+ Kh7 39. Qxh6+ Kg8 40. Nf6+ Kf7 41. Ne4 Qb6 42. Ng5+ 1-0